000
00306nam a2200109Ia 4500
008
190914s9999||||xx |||||||||||||| ||und||
100
_a
Martin Rodriguez
245
0
_a
Accounting for Infrastructure Regulation an Introduction
260
_a
Washington
_b
The World Bank
_c
1996
300
_a
494
942
_c
BK
999
_c
10095
_d
10095